00655 2200241 4500001002100000005001500021035002000036007000300056008004100059020002200100082000800122084001400130100001600144245007200160260003700232300002700269650003300296700002000329700001700349520002500366990001100391990001100402INLIS00000000000455520191202095749 a0010-1219000007ta191202 g 0 ind  a978-602-6643-55-1 a370 a370 MOH d0 aMOH, Suardi1 aDasar-dasar Pendidikan /cMoh. Suardi, Tri Ariprabowo, Sypfrianisda aYogyakarta :bParama Ilmu,c2017 axvi, 256 hlm. ;c21 cm 4aPENDIDIKAN. PENDIDIKAN DASAR0 aTRI, Ariprabowo0 aSYPFRIANISDA aBibliografi: 249-256 a7208 a a7208 b